| 000 | 01035nam a2200289 4500 | ||
|---|---|---|---|
| 003 | OSt | ||
| 005 | 20260601193842.0 | ||
| 008 | 260507b1963 ag a|||| |||| 00| 0 spa d | ||
| 040 |
_aICI _bspa _cICI |
||
| 050 | 4 |
_aN6450 _bP3518 |
|
| 100 | 1 |
_aPevsner, Nikolaus, _d1902-1983, |
|
| 240 | 1 |
_aPioneers of modern design. _lEspañol |
|
| 245 | 1 |
_aPioneros del diseño moderno : _bde William Morris a Walter Gropius / _cNikolaus Pevsner ; versión castellana Odilia E. Suárez y Emma Gregores |
|
| 264 |
_bInfinito, _c1963 _aBuenos Aires : |
||
| 300 |
_a270 páginas _c23cm. |
||
| 336 |
_atexto _2rdacontent |
||
| 337 |
_asin medio _2rdamedia |
||
| 338 |
_avolumen _2rdacarrier |
||
| 490 | 0 |
_aBiblioteca de diseño y artes visuales ; _v1 |
|
| 500 | _aReimpresiones: (1963) -- (4a, 2003) | ||
| 650 | 4 |
_aArte moderno _xHistoria _ySiglo XIX |
|
| 650 | 4 |
_aArte moderno _xHistoria _ySiglo XX |
|
| 700 | 1 |
_aSuárez, Odilia E., _etraductor |
|
| 700 | 1 |
_aGregores, Emma, _etraductor |
|
| 700 | 1 |
_aPevsner, Nikolaus, _d1902-1983 |
|
| 942 |
_2lcc _cB |
||
| 999 |
_c21479 _d21479 |
||